Progressively Smaller Cities on a Map - Statistics

General Stats
  • This quiz has been taken 3,308 times
  • The average score is 33 of 100
Answers on the Map
Answers color-coded by a green-red scale on the quiz's map according to % correct below.
 
Answer Stats
Country Population City % Correct
Japan 40,700,000 Tokyo
100%
United States 17,500,000 Los Angeles
97%
France 11,400,000 Paris
97%
Brazil 22,700,000 São Paulo
96%
South Africa 14,500,000 Johannesburg
95%
Canada 7,650,000 Toronto
95%
Iraq 7,300,000 Baghdad
93%
Malaysia 9,100,000 Kuala Lumpur
93%
Morocco 4,625,000 Casablanca
74%
Italy 4,125,000 Naples
74%
United States 4,450,000 Tampa
69%
South Korea 4,025,000 Busan
67%
Germany 2,875,000 Hamburg
67%
Saudi Arabia 5,300,000 Jeddah
66%
Mexico 5,750,000 Monterrey
65%
Australia 3,300,000 Brisbane
64%
Portugal 2,475,000 Lisbon
64%
Yemen 3,000,000 Sana'a
64%
Uzbekistan 3,500,000 Tashkent
61%
Paraguay 2,425,000 Asunción
59%
Ecuador 3,250,000 Guayaquil
55%
United Kingdom 1,880,000 Liverpool
54%
Panama 1,590,000 Panama City
52%
United States 2,375,000 Saint Louis
52%
Brazil 3,650,000 Salvador
51%
United States 2,125,000 Sacramento
50%
Sierra Leone 1,930,000 Freetown
48%
Canada 1,520,000 Calgary
47%
United States 1,790,000 Columbus
45%
Chad 1,680,000 N'Djamena
44%
United States 1,550,000 Nashville
43%
United Kingdom 1,500,000 Newcastle
43%
Turkmenistan 1,480,000 Ashgabat
42%
Colombia 2,200,000 Barranquilla
41%
Ukraine 1,430,000 Donetsk
41%
United Kingdom 1,570,000 Sheffield
39%
France 1,310,000 Lille
37%
Pakistan 3,850,000 Faisalabad
35%
Russia 1,710,000 Nizhny Novgorod
35%
Turkey 2,175,000 Bursa
33%
Taiwan 2,775,000 Kaohsiung
33%
Myanmar 1,650,000 Mandalay
32%
Iraq 1,460,000 Mosul
31%
Nigeria 1,740,000 Benin City
28%
Kyrgyzstan 1,140,000 Bishkek
28%
China 6,200,000 Jinan
28%
Iran 1,840,000 Shiraz
26%
Germany 1,140,000 Hanover
24%
D.R. Congo 2,250,000 Mbuji-Mayi
24%
Vietnam 1,240,000 Da Nang
23%
Bolivia 1,400,000 Cochabamba
22%
Spain 1,070,000 Málaga
22%
United States 1,280,000 McAllen
20%
Morocco 1,250,000 Agadir
19%
Gambia 1,050,000 Banjul
19%
Philippines 1,540,000 Angeles
18%
Germany 1,000,000 Bremen
18%
Turkey 1,360,000 Konya
18%
Russia 1,130,000 Omsk
18%
Mexico 2,600,000 Toluca
18%
United States 1,000,000 Tucson
18%
Peru 1,150,000 Arequipa
17%
South Korea 1,630,000 Gwangju
17%
Indonesia 2,075,000 Semarang
17%
India 2,300,000 Visakhapatnam
17%
Japan 1,990,000 Kitakyushu
16%
Republic of the Congo 1,270,000 Pointe-Noire
16%
Tunisia 1,190,000 Sousse
16%
United States 1,230,000 Melbourne
14%
Pakistan 1,210,000 Quetta
14%
India 2,025,000 Rajkot
14%
Argentina 1,120,000 Mendoza
13%
Colombia 1,300,000 Bucaramanga
12%
Senegal 1,150,000 Touba
11%
Mexico 1,180,000 Aguascalientes
10%
Venezuela 1,320,000 Barquisimeto
10%
Russia 1,070,000 Saratov
10%
Kazakhstan 1,110,000 Shymkent
10%
Indonesia 1,330,000 Bandar Lampung
9%
Mexico 1,020,000 Chihuahua
9%
China 2,675,000 Handan
9%
Brazil 1,150,000 João Pessoa
9%
Nigeria 1,290,000 Maiduguri
9%
Mexico 1,390,000 Torreón
9%
Indonesia 1,170,000 Batam
8%
Turkey 1,120,000 Kayseri
8%
Thailand 1,440,000 Chonburi
7%
India 1,730,000 Jamshedpur
7%
India 1,390,000 Bareilly
6%
Brazil 1,050,000 Teresina
6%
Burkina Faso 1,010,000 Bobo-Dioulasso
5%
Nigeria 1,080,000 Jos
5%
Colombia 1,030,000 Cúcuta
4%
Iran 1,060,000 Kermānshāh
4%
Indonesia 1,080,000 Pekanbaru
4%
China 1,030,000 Qiqihar
4%
India 1,160,000 Salem
4%
China 1,380,000 Zhangjiakou
4%
China 1,110,000 Wanzhou
1%
India 1,020,000 Warangal
1%
No matching quizzes found
Score Distribution
Percent of People with Each Score
Percentile by Number Answered
Your Score History
You have not taken this quiz